000
00295nam a22001217a 4500
082
_a
425
_b
MAR/S
100
_a
MARTIN,H
245
_a
STEPS TO ENGLISH COMPOSITION
260
_a
NEW DELHI
_b
S.CHAND & COMPANY.LTD.
300
_a
58
650
_a
STEPS TO ENGLISH COMPOSITION
_z
NEW DELHI
942
_c
BK
999
_c
3818
_d
3818